| 000 | 00473nam a22001817a 4500 | ||
|---|---|---|---|
| 005 | 20230819144655.0 | ||
| 008 | 230816b |||||||| |||| 00| 0 eng d | ||
| 020 | _a978-81-941-2541-9 | ||
| 041 | _aeng | ||
| 082 | _a611 HAN-C | ||
| 100 |
_aCHAURASIA, LATE DR BD AND GARG, KRISHNA _98040 |
||
| 245 | _aHANDBOOK OF GENERAL ANATOMY | ||
| 250 | _a6TH, ED. 2020 | ||
| 260 |
_aNEW DELHI _bCBS PUBLISHERS DISTRIBUTION |
||
| 300 | _a370;p | ||
| 650 |
_aBPT _98041 |
||
| 942 | _cBK | ||
| 999 |
_c8354 _d8352 |
||